000 00887nam a2200229 4500
001 138368
003 ES-MaACL
005 20230906195543.0
007 t|
008 070214s1960 sp r ||||1| spa d
100 1 _aSancho Rebullida, Francisco de Asís.
_9103051
245 1 0 _aUsufructo de montes /
_cFrancisco de Asís Sancho Rebullida ; prólogo de José Luis Lacruz Berdejo.
260 _aBarcelona :
_bBosch,
_c1960.
300 _a143 p. ;
_c23 cm.
490 1 _aPublicaciones del Seminario de Derecho Civil de la Universidad de Zaragoza
700 1 _aLacruz Berdejo, José Luis.
_969414
710 0 0 _aUniversidad de Zaragoza.
_bSeminario de Derecho Civil.
_97364
830 0 _aPublicaciones del Seminario de Derecho Civil de la Universidad de Zaragoza
_9220155
852 _aES-MaACL
_jC-18463
_bR.46671
852 _aES-MaACL
_jC-20498
_bR.48886
999 _c138368
_d138368